00431nam a22001577a 450000500170000001000130001702000260003003500130005603700240006908200130009310000230010624500560012926000300018527000380021530000200025320120706162251.0 aB-477807 a9788089886592c450.00 aB-477807 adplbK.k. Pub / ven a891.4414 aChakrabarti, Mohit aTagores songs on solidarity /cby Mohit Chakrabarti aDelhibAbhijeet Pubc2008 a2/46 Tukhmeerpur ExtentionbDelhi axvi,160pgc23cm